[Event "Holanda ch femenino 2007"]
[Site "Hilversum NED"]
[Date "2007.06.18"]
[Round "1.2"]
[White "Bensdorp, Marlies"]
[Black "Bensdorp, Laura"]
[Result "1-0"]
[WhiteElo "2227"]
[BlackElo "2120"]
[PlyCount "103"]
[EventDate "2007.06.18"]
[EventType "tourn"]
[EventRounds "9"]
[EventCountry "NED"]
[Source "lmi"]
[SourceDate "2007.06.18"]

1. d4 f5 2. Nc3 Nf6 3. Bg5 d5 4. Bxf6 exf6 5. e3 Be6 6. Qf3 Qd7 7. Bb5 Nc6 8.
Nge2 O-O-O 9. a3 Kb8 10. Nf4 Qd6 11. h3 g6 12. O-O-O Bh6 13. Nxe6 Qxe6 14. g4
Ne7 15. Bd3 Rd7 16. Kb1 fxg4 17. hxg4 Bg7 18. Rh3 h6 19. Ne2 Rf8 20. Nf4 Qf7
21. Qg2 Rd6 22. Rg1 a6 23. Rh2 Rg8 24. Qf1 Rc6 25. Qe2 Bf8 26. Rc1 f5 27. Rg2
g5 28. Nh5 fxg4 29. Qxg4 Ng6 30. Rh1 Rb6 31. Ka1 Ne7 32. Rh3 Nc8 33. Rf3 Qe7
34. c3 Bg7 35. Qf5 Rd6 36. Qh7 Rf8 37. Rgg3 Bf6 38. Qxe7 Nxe7 39. Kb1 Kc8 40.
Kc2 Kd8 41. e4 dxe4 42. Bxe4 Nc6 43. b4 b6 44. a4 Kd7 45. Rg1 Be7 46. Re1 Rxf3
47. Bxf3 Bf8 48. Bg4+ Kd8 49. Kd3 Ne7 50. Be6 Nd5 51. Bxd5 Rxd5 52. Nf6 1-0

[Event "Holanda ch femenino 2007"]
[Site "Hilversum NED"]
[Date "2007.06.18"]
[Round "1.3"]
[White "Van Weersel, Arlette"]
[Black "Schut, Donna"]
[Result "1-0"]
[WhiteElo "2156"]
[BlackElo "2026"]
[PlyCount "67"]
[EventDate "2007.06.18"]
[EventType "tourn"]
[EventRounds "9"]
[EventCountry "NED"]
[Source "lmi"]
[SourceDate "2007.06.18"]

1. Nf3 Nf6 2. c4 e6 3. g3 d5 4. b3 c5 5. Bg2 Nc6 6. O-O Be7 7. Bb2 O-O 8. cxd5
exd5 9. d4 Be6 10. dxc5 Bxc5 11. Nc3 a6 12. Na4 Be7 13. Rc1 Rc8 14. Nc5 Qa5 15.
Nxe6 fxe6 16. Bh3 Rce8 17. Bxe6+ Kh8 18. Ng5 Nd8 19. Bh3 Bb4 20. Qc2 d4 21. Nf3
Qh5 22. Bg2 Nc6 23. Bxd4 Ng4 24. h3 Nge5 25. Bxe5 Nxe5 26. Nxe5 Rxe5 27. e3 a5
28. Qd1 Qf7 29. Rc4 Qe7 30. Rd4 b5 31. Rd5 h6 32. Qd4 Rff5 33. Rd8+ Kh7 34. Qd3
1-0

[Event "Holanda ch femenino 2007"]
[Site "Hilversum NED"]
[Date "2007.06.18"]
[Round "1.4"]
[White "Middelveld, Martine"]
[Black "Muhren, Bianca"]
[Result "1/2-1/2"]
[WhiteElo "2019"]
[BlackElo "2311"]
[PlyCount "97"]
[EventDate "2007.06.18"]
[EventType "tourn"]
[EventRounds "9"]
[EventCountry "NED"]
[Source "lmi"]
[SourceDate "2007.06.18"]

1. d4 d5 2. Nf3 Nf6 3. c4 dxc4 4. e3 e6 5. Bxc4 a6 6. a4 c5 7. O-O Nc6 8. Qe2
Qc7 9. Nc3 Bd6 10. Rd1 O-O 11. h3 b6 12. Ng5 Bb7 13. d5 exd5 14. Nxd5 Nxd5 15.
Bxd5 Be5 16. Qh5 h6 17. Nxf7 Rxf7 18. Qxf7+ Qxf7 19. Bxf7+ Kf8 20. Bh5 Na5 21.
Bf3 Bxf3 22. gxf3 Ke7 23. Rb1 Nb3 24. Bd2 Ke6 25. Bc3 Bxc3 26. bxc3 c4 27. e4
b5 28. axb5 axb5 29. Rd5 Ra2 30. Rxb5 Nd2 31. R1b2 Nxf3+ 32. Kg2 Ne1+ 33. Kf1
Ra1 34. Rb1 Rxb1 35. Rxb1 Nd3 36. Rb7 g5 37. Rb6+ Ke5 38. Rxh6 Kxe4 39. Rg6 Kf4
40. Rc6 Kf3 41. Rxc4 Nxf2 42. Rc8 Nxh3 43. c4 Ke4 44. c5 Nf4 45. Kf2 Kd5 46.
Kg3 Ne6 47. c6 Kd6 48. Kg4 Nc7 49. Kxg5 1/2-1/2

[Event "Holanda ch femenino 2007"]
[Site "Hilversum NED"]
[Date "2007.06.18"]
[Round "1.5"]
[White "Peng, Zhaoqin"]
[Black "Otten, Colleen"]
[Result "1-0"]
[WhiteElo "2439"]
[BlackElo "2038"]
[PlyCount "61"]
[EventDate "2007.06.18"]
[EventType "tourn"]
[EventRounds "9"]
[EventCountry "NED"]
[Source "lmi"]
[SourceDate "2007.06.18"]

1. e4 e5 2. Nf3 Nc6 3. Bb5 a6 4. Ba4 Nf6 5. O-O Be7 6. Re1 b5 7. Bb3 O-O 8. d3
d6 9. c3 Na5 10. Bc2 c5 11. Nbd2 Re8 12. a3 Bf8 13. d4 cxd4 14. cxd4 Qb6 15. d5
Bd7 16. b4 Nb7 17. Nf1 Rec8 18. Bd3 Be8 19. Be3 Qc7 20. Qe2 Nd7 21. Rec1 Qd8
22. Rc6 Nb8 23. Bb6 Qd7 24. Rcc1 Nd8 25. Qe3 Be7 26. Rxc8 Qxc8 27. Rc1 Qg4 28.
h3 Qg6 29. Bxd8 Bxd8 30. Rc8 Qf6 31. Qg5 1-0

[Event "Holanda ch femenino 2007"]
[Site "Hilversum NED"]
[Date "2007.06.19"]
[Round "2.1"]
[White "Hamelink, Desiree"]
[Black "Otten, Colleen"]
[Result "1-0"]
[WhiteElo "2220"]
[BlackElo "2038"]
[PlyCount "55"]
[EventDate "2007.06.18"]
[EventType "tourn"]
[EventRounds "9"]
[EventCountry "NED"]
[Source "lmi"]
[SourceDate "2007.06.18"]

1. e4 e6 2. d4 d5 3. Nd2 Nf6 4. e5 Nfd7 5. Bd3 c5 6. c3 Nc6 7. Ne2 cxd4 8. cxd4
f6 9. exf6 Nxf6 10. O-O Bd6 11. Nf3 Qc7 12. Ng3 O-O 13. Bg5 e5 14. dxe5 Nxe5
15. Nxe5 Bxe5 16. Rc1 Qb6 17. b3 Ng4 18. Qe2 h6 19. Be7 Re8 20. Bc5 Qd8 21. Qf3
Nxh2 22. Kxh2 Qh4+ 23. Kg1 Bf4 24. Rce1 Be6 25. Bg6 Rec8 26. Rxe6 Rxc5 27. Rfe1
Rf8 28. Re8 1-0

[Event "Holanda ch femenino 2007"]
[Site "Hilversum NED"]
[Date "2007.06.19"]
[Round "2.3"]
[White "Schut, Donna"]
[Black "Middelveld, Martine"]
[Result "0-1"]
[WhiteElo "2026"]
[BlackElo "2019"]
[PlyCount "36"]
[EventDate "2007.06.18"]
[EventType "tourn"]
[EventRounds "9"]
[EventCountry "NED"]
[Source "lmi"]
[SourceDate "2007.06.18"]

1. e4 e6 2. d4 d5 3. Nc3 Nf6 4. Bg5 Be7 5. e5 Nfd7 6. h4 O-O 7. Nf3 f6 8. exf6
Nxf6 9. Bd3 c5 10. Bxf6 Rxf6 11. Ng5 h6 12. Bh7+ Kh8 13. Bg6 Qb6 14. Qd3 c4 15.
Qe3 Rxg6 16. Nf7+ Kg8 17. Ne5 Rf6 18. O-O-O Nc6 0-1

[Event "Holanda ch femenino 2007"]
[Site "Hilversum NED"]
[Date "2007.06.19"]
[Round "2.5"]
[White "Van Nies, Pauline"]
[Black "Bensdorp, Marlies"]
[Result "1/2-1/2"]
[WhiteElo "2174"]
[BlackElo "2227"]
[PlyCount "52"]
[EventDate "2007.06.18"]
[EventType "tourn"]
[EventRounds "9"]
[EventCountry "NED"]
[Source "lmi"]
[SourceDate "2007.06.18"]

1. e4 e5 2. Nf3 Nc6 3. Bb5 a6 4. Ba4 Nf6 5. O-O Be7 6. Re1 b5 7. Bb3 d6 8. c3
O-O 9. d4 Bg4 10. Be3 Re8 11. h3 Bh5 12. d5 Na5 13. Bc2 c6 14. dxc6 Qc7 15. Bg5
Qxc6 16. Nbd2 Rad8 17. a4 Qc7 18. axb5 axb5 19. Qe2 Rb8 20. Nf1 b4 21. g4 Bg6
22. Bxf6 Bxf6 23. Ne3 bxc3 24. Nd5 Qd8 25. Nxf6+ gxf6 26. bxc3 Qc7 1/2-1/2

[Event "Holanda ch femenino 2007"]
[Site "Hilversum NED"]
[Date "2007.06.21"]
[Round "3.2"]
[White "Van Weersel, Arlette"]
[Black "Van Nies, Pauline"]
[Result "0-1"]
[WhiteElo "2156"]
[BlackElo "2174"]
[PlyCount "120"]
[EventDate "2007.06.18"]
[EventType "tourn"]
[EventRounds "9"]
[EventCountry "NED"]
[Source "lmi"]
[SourceDate "2007.06.18"]

1. e4 c5 2. c4 Nc6 3. Ne2 e6 4. Nbc3 Nge7 5. d4 cxd4 6. Nxd4 Nxd4 7. Qxd4 Nc6
8. Qd1 d6 9. Be2 Be7 10. O-O O-O 11. Be3 b6 12. Qd2 a6 13. Rad1 Qc7 14. f4 Rb8
15. f5 Ne5 16. b3 Bb7 17. Qe1 Kh8 18. Bd4 Bc6 19. Qg3 Bf6 20. a4 Qb7 21. Qe3
Rfe8 22. b4 Bd7 23. fxe6 fxe6 24. c5 bxc5 25. bxc5 dxc5 26. Bxc5 Bc6 27. Rb1
Qc7 28. Bb6 Qc8 29. Rfc1 Qd7 30. Rd1 Qc8 31. Rdc1 Qd7 32. Rd1 Qc8 33. Bd4 Rxb1
34. Rxb1 Qd7 35. Bc5 Bxa4 36. Bxa6 Ng4 37. Qg3 Bd4+ 38. Bxd4 Qxd4+ 39. Kf1 Ne3+
40. Ke2 Qxc3 41. Rb8 Bd1+ 42. Kf2 Qd2+ 43. Kg1 Rg8 44. Rxg8+ Kxg8 45. Qb8+ Kf7
46. Qc7+ Kg6 47. Qg3+ Ng4 48. h3 Qe3+ 49. Qxe3 Nxe3 50. Kf2 Nc2 51. Bc4 Kf6 52.
h4 Ke5 53. g3 Na3 54. Ba2 Bc2 55. Ke3 h5 56. Kf2 Bxe4 57. Bb3 Bc2 58. Ba2 Kf5
59. Kf3 Be4+ 60. Kf2 Bd5 0-1

[Event "Holanda ch femenino 2007"]
[Site "Hilversum NED"]
[Date "2007.06.21"]
[Round "3.4"]
[White "Peng, Zhaoqin"]
[Black "Schut, Donna"]
[Result "1-0"]
[WhiteElo "2439"]
[BlackElo "2026"]
[PlyCount "83"]
[EventDate "2007.06.18"]
[EventType "tourn"]
[EventRounds "9"]
[EventCountry "NED"]
[Source "lmi"]
[SourceDate "2007.06.18"]

1. e4 e6 2. d4 d5 3. Nd2 Nf6 4. e5 Nfd7 5. Bd3 c5 6. c3 Nc6 7. Ne2 cxd4 8. cxd4
f6 9. exf6 Nxf6 10. O-O Bd6 11. Nf3 O-O 12. Bf4 Bxf4 13. Nxf4 Ne4 14. Qc1 Qf6
15. Ne2 Bd7 16. Qe3 Be8 17. Bxe4 dxe4 18. Ng5 Bh5 19. Nxe4 Qg6 20. N2g3 Bg4 21.
Nc5 b6 22. Nd3 h5 23. Rac1 Rac8 24. Rxc6 Rxc6 25. Ne5 Qe8 26. Nxc6 Qxc6 27. h3
Bf5 28. Nxh5 Be4 29. Rc1 Qd5 30. Nf4 Qf5 31. Ne2 Qg6 32. Ng3 Bd5 33. a3 Rf7 34.
b4 Kh7 35. Kh2 a5 36. f3 axb4 37. axb4 Ra7 38. Ne4 Ra8 39. Ng5+ Kg8 40. Rc7 Kf8
41. Qe5 Kg8 42. Re7 1-0

[Event "Holanda ch femenino 2007"]
[Site "Hilversum NED"]
[Date "2007.06.21"]
[Round "3.5"]
[White "Otten, Colleen"]
[Black "Muhren, Bianca"]
[Result "0-1"]
[WhiteElo "2038"]
[BlackElo "2311"]
[PlyCount "68"]
[EventDate "2007.06.18"]
[EventType "tourn"]
[EventRounds "9"]
[EventCountry "NED"]
[Source "lmi"]
[SourceDate "2007.06.18"]

1. e4 c5 2. Nf3 d6 3. d4 cxd4 4. Nxd4 Nf6 5. Nc3 a6 6. h3 e5 7. Nde2 Be7 8. g4
Be6 9. Bg2 h6 10. Ng3 g6 11. Bf3 Nc6 12. Be3 Rc8 13. h4 Na5 14. h5 Nc4 15. Bc1
g5 16. O-O Nb6 17. Re1 Rxc3 18. bxc3 Qc7 19. Be3 Na4 20. Bd2 Nxc3 21. Bxc3 Qxc3
22. Nf1 O-O 23. Ne3 Rc8 24. Qb1 b5 25. a3 Bd8 26. Rd1 Bb6 27. Rd3 Qc6 28. Qd1
Nxe4 29. Nd5 Bxd5 30. Rxd5 Nxf2 31. Qe2 Ne4+ 32. Kh2 Qxd5 33. Bxe4 Qd4 34. Rf1
Qe3 0-1

[Event "Holanda ch femenino 2007"]
[Site "Hilversum NED"]
[Date "2007.06.22"]
[Round "4.1"]
[White "Hamelink, Desiree"]
[Black "Muhren, Bianca"]
[Result "1/2-1/2"]
[WhiteElo "2220"]
[BlackElo "2311"]
[PlyCount "86"]
[EventDate "2007.06.18"]
[EventType "tourn"]
[EventRounds "9"]
[EventCountry "NED"]
[Source "lmi"]
[SourceDate "2007.06.18"]

1. e4 c5 2. Nf3 d6 3. d4 cxd4 4. Nxd4 Nf6 5. Nc3 a6 6. Bg5 e6 7. f4 Qc7 8. Bxf6
gxf6 9. Qd2 Nc6 10. O-O-O Bd7 11. Kb1 Nxd4 12. Qxd4 Be7 13. Be2 h5 14. Rhf1 Rc8
15. f5 Qc5 16. Qd3 b5 17. fxe6 fxe6 18. a3 Qe5 19. Rf3 h4 20. g3 Bc6 21. Rf4
hxg3 22. hxg3 Kf7 23. Bg4 Bb7 24. Bf3 Rc4 25. Ne2 a5 26. b3 Rc5 27. Nd4 b4 28.
Bg4 Bc8 29. Nf3 Qc3 30. Qxc3 bxc3 31. Nh4 Rg5 32. Nf3 Rc5 33. Nh4 e5 34. Rf5
Bxf5 35. Bxf5 Rg8 36. Rd3 a4 37. b4 Rc4 38. Ka2 Rc7 39. g4 Rh8 40. Bg6+ Kg7 41.
Bh5 Kh6 42. Nf5+ Kg5 43. Ne3 Rh7 1/2-1/2

[Event "Holanda ch femenino 2007"]
[Site "Hilversum NED"]
[Date "2007.06.22"]
[Round "4.2"]
[White "Schut, Donna"]
[Black "Otten, Colleen"]
[Result "0-1"]
[WhiteElo "2026"]
[BlackElo "2038"]
[PlyCount "60"]
[EventDate "2007.06.18"]
[EventType "tourn"]
[EventRounds "9"]
[EventCountry "NED"]
[Source "lmi"]
[SourceDate "2007.06.18"]

1. e4 g6 2. f4 d5 3. e5 b6 4. Nf3 Qd7 5. g3 Ba6 6. d3 h5 7. Bg2 Nh6 8. Nc3 e6
9. Bd2 Nf5 10. Ne2 c5 11. O-O Nc6 12. a3 Rc8 13. b4 d4 14. Ng5 Be7 15. Ne4 c4
16. Qb1 Nb8 17. a4 c3 18. Bc1 b5 19. axb5 Bxb5 20. h3 a6 21. g4 Nh4 22. Bh1 Nc6
23. Ba3 Kd8 24. N2g3 Kc7 25. Nc5 Bxc5 26. bxc5 hxg4 27. hxg4 g5 28. Qe1 gxf4
29. Rxf4 Ng6 30. Ne4 Nxf4 0-1

[Event "Holanda ch femenino 2007"]
[Site "Hilversum NED"]
[Date "2007.06.22"]
[Round "4.4"]
[White "Van Nies, Pauline"]
[Black "Middelveld, Martine"]
[Result "1/2-1/2"]
[WhiteElo "2174"]
[BlackElo "2019"]
[PlyCount "95"]
[EventDate "2007.06.18"]
[EventType "tourn"]
[EventRounds "9"]
[EventCountry "NED"]
[Source "lmi"]
[SourceDate "2007.06.18"]

1. e4 e6 2. d4 d5 3. exd5 exd5 4. c4 Nf6 5. Nc3 Be7 6. Bd3 O-O 7. Nf3 dxc4 8.
Bxc4 Bg4 9. Be3 Nbd7 10. h3 Bh5 11. O-O Nb6 12. Bb3 c6 13. g4 Bg6 14. Ne5 Nfd5
15. Qf3 Rc8 16. Rad1 Bf6 17. Bc1 Re8 18. Rfe1 Qd6 19. Ne4 Bxe4 20. Qxe4 Qe7 21.
Qg2 g6 22. g5 Bg7 23. f4 Qd6 24. Kh1 a5 25. a3 Rcd8 26. Bd2 Ra8 27. Bc1 Rad8
28. Bd2 Ra8 29. Qf3 f6 30. gxf6 Qxf6 31. Rg1 Kh8 32. Rdf1 Rf8 33. Qg4 Qf5 34.
Qxf5 Rxf5 35. Bc2 Rf6 36. f5 gxf5 37. Rxf5 Rxf5 38. Bxf5 Rf8 39. Be6 Nc7 40.
Ba2 Nbd5 41. Bxa5 Ne6 42. Bc3 Nef4 43. Rf1 Nxh3 44. Rxf8+ Bxf8 45. Bxd5 cxd5
46. Nd7 Kg7 47. Nb6 Nf4 48. Bd2 1/2-1/2

[Event "Holanda ch femenino 2007"]
[Site "Hilversum NED"]
[Date "2007.06.22"]
[Round "4.5"]
[White "Bensdorp, Marlies"]
[Black "Van Weersel, Arlette"]
[Result "1-0"]
[WhiteElo "2227"]
[BlackElo "2156"]
[PlyCount "85"]
[EventDate "2007.06.18"]
[EventType "tourn"]
[EventRounds "9"]
[EventCountry "NED"]
[Source "lmi"]
[SourceDate "2007.06.18"]

1. d4 Nf6 2. c4 e6 3. Nf3 b6 4. g3 Bb7 5. Bg2 Bb4+ 6. Bd2 Be7 7. O-O O-O 8. Nc3
c5 9. dxc5 bxc5 10. Rc1 Nc6 11. Qc2 Qc8 12. Rfd1 Rd8 13. Bf4 d6 14. Nb5 Ne8 15.
Ng5 f5 16. Nxe6 Nb4 17. Bxb7 Qxe6 18. Qa4 Rab8 19. Bf3 g5 20. Bd2 g4 21. Bg2
Nf6 22. a3 Na2 23. Ra1 a6 24. Nc7 Qd7 25. Qxd7 Rxd7 26. Nd5 Rxb2 27. Rab1 Rc2
28. Ne3 Rxd2 29. Rxd2 Nc3 30. Rb8+ Kf7 31. Nxf5 Nce4 32. Rdb2 Ke6 33. Ne3 Nc3
34. Kf1 d5 35. cxd5+ Ncxd5 36. Nxd5 Nxd5 37. Bxd5+ Rxd5 38. R2b6+ Ke5 39. Re8
Rd7 40. Rh6 Kf5 41. Rxh7 Rd1+ 42. Kg2 Bg5 43. Rc7 1-0

[Event "Holanda ch femenino 2007"]
[Site "Hilversum NED"]
[Date "2007.06.23"]
[Round "5.1"]
[White "Van Weersel, Arlette"]
[Black "Hamelink, Desiree"]
[Result "1/2-1/2"]
[WhiteElo "2156"]
[BlackElo "2220"]
[PlyCount "54"]
[EventDate "2007.06.18"]
[EventType "tourn"]
[EventRounds "9"]
[EventCountry "NED"]
[Source "lmi"]
[SourceDate "2007.06.18"]

1. e4 c5 2. c4 e6 3. Nc3 a6 4. Nge2 Qc7 5. g3 b6 6. Bg2 Bb7 7. O-O Nf6 8. b3 d6
9. d4 cxd4 10. Qxd4 Nc6 11. Qd2 Be7 12. Bb2 O-O 13. Rac1 Ne5 14. h3 Rfd8 15.
Qe3 Rab8 16. Rfd1 Ba8 17. Nf4 Qb7 18. a4 Rbc8 19. Nd3 Ned7 20. Ne1 Qb8 21. Na2
Bc6 22. Nb4 Bb7 23. Nbd3 e5 24. Nb4 Nc5 25. Nd5 Nxd5 26. cxd5 a5 27. Nc2 Ba6
1/2-1/2

[Event "Holanda ch femenino 2007"]
[Site "Hilversum NED"]
[Date "2007.06.23"]
[Round "5.2"]
[White "Middelveld, Martine"]
[Black "Bensdorp, Marlies"]
[Result "0-1"]
[WhiteElo "2019"]
[BlackElo "2227"]
[PlyCount "52"]
[EventDate "2007.06.18"]
[EventType "tourn"]
[EventRounds "9"]
[EventCountry "NED"]
[Source "lmi"]
[SourceDate "2007.06.18"]

1. d4 Nf6 2. Nf3 e6 3. g3 b5 4. Bg2 Bb7 5. O-O c5 6. c3 Be7 7. Re1 O-O 8. Nbd2
cxd4 9. cxd4 d5 10. Nb3 Qb6 11. Bf4 Nbd7 12. Ne5 a5 13. Qd3 a4 14. Nd2 Nxe5 15.
Bxe5 Rfc8 16. Nf3 Ne4 17. Bf4 a3 18. b3 Rc3 19. Qb1 Rac8 20. Rc1 g5 21. Be3 g4
22. Ne5 Rxc1+ 23. Bxc1 Qxd4 24. Nxg4 Nc3 25. Nh6+ Kg7 26. Be3 Qxe3 0-1

[Event "Holanda ch femenino 2007"]
[Site "Hilversum NED"]
[Date "2007.06.23"]
[Round "5.3"]
[White "Peng, Zhaoqin"]
[Black "Van Nies, Pauline"]
[Result "1-0"]
[WhiteElo "2439"]
[BlackElo "2174"]
[PlyCount "81"]
[EventDate "2007.06.18"]
[EventType "tourn"]
[EventRounds "9"]
[EventCountry "NED"]
[Source "lmi"]
[SourceDate "2007.06.18"]

1. d4 Nf6 2. Nf3 c5 3. d5 e6 4. c4 exd5 5. cxd5 d6 6. Nc3 g6 7. Qa4+ Bd7 8. Qb3
Qc7 9. e4 Bg7 10. Bc4 O-O 11. O-O a6 12. a4 Bc8 13. h3 Nbd7 14. Re1 b6 15. Bf4
Nh5 16. Bh2 Ne5 17. Be2 Rb8 18. Nxe5 dxe5 19. Bxh5 gxh5 20. Qd1 Qd6 21. Qxh5
Bd7 22. f4 Qg6 23. Qf3 Qd6 24. Rf1 f6 25. Kh1 Kh8 26. Qe2 b5 27. fxe5 fxe5 28.
Rxf8+ Qxf8 29. axb5 axb5 30. Ra7 Qd6 31. Nd1 Rf8 32. Ne3 Kg8 33. Bg3 c4 34. Kh2
Rc8 35. Nf5 Bxf5 36. exf5 Qf6 37. Qe4 Re8 38. Bh4 Qb6 39. Rxg7+ Kxg7 40. f6+
Kf8 41. Qxh7 1-0

[Event "Holanda ch femenino 2007"]
[Site "Hilversum NED"]
[Date "2007.06.23"]
[Round "5.4"]
[White "Otten, Colleen"]
[Black "Bensdorp, Laura"]
[Result "1-0"]
[WhiteElo "2038"]
[BlackElo "2120"]
[PlyCount "139"]
[EventDate "2007.06.18"]
[EventType "tourn"]
[EventRounds "9"]
[EventCountry "NED"]
[Source "lmi"]
[SourceDate "2007.06.18"]

1. e4 c5 2. Nf3 d6 3. Nc3 Nc6 4. Bb5 Bd7 5. a4 e6 6. O-O Be7 7. Re1 a6 8. Bf1
Nf6 9. h3 O-O 10. d3 Rb8 11. d4 cxd4 12. Nxd4 Qc7 13. Nb3 Na5 14. Nxa5 Qxa5 15.
Bd2 Qc7 16. a5 Bc6 17. Bd3 Nd7 18. Qh5 Ne5 19. Bf1 Bd7 20. b3 Bf6 21. Re3 Ng6
22. g3 Rbc8 23. Kg2 Qc5 24. Qxc5 Rxc5 25. b4 Rc7 26. f4 Rfc8 27. Ra3 d5 28.
exd5 exd5 29. Nxd5 Bc6 30. c4 Ne7 31. Rad3 Rd7 32. Be2 Nxd5 33. cxd5 Bb5 34.
Bg4 Bxd3 35. Bxd7 Rd8 36. Rxd3 Rxd7 37. Be3 Kf8 38. Bc5+ Be7 39. d6 Bf6 40. Kf3
Bd8 41. Ke4 Bf6 42. Kd5 Bd8 43. Bb6 Bxb6 44. axb6 Ke8 45. Rc3 Kd8 46. b5 axb5
47. Rb3 Ke8 48. Rxb5 Rd8 49. Ra5 Rc8 50. Ra7 Rb8 51. Rxb7 Rxb7 52. Kc6 Rd7 53.
b7 Rxb7 54. Kxb7 Kd7 55. g4 Kxd6 56. Kc8 g6 57. Kd8 Ke6 58. Ke8 f5 59. Kf8 fxg4
60. hxg4 h5 61. f5+ gxf5 62. g5 f4 63. g6 f3 64. g7 Kf5 65. g8=Q Kf4 66. Qf7+
Ke3 67. Qxh5 f2 68. Qd1 Kf4 69. Qf1 Kf3 70. Kf7 1-0

[Event "Holanda ch femenino 2007"]
[Site "Hilversum NED"]
[Date "2007.06.23"]
[Round "5.5"]
[White "Muhren, Bianca"]
[Black "Schut, Donna"]
[Result "0-1"]
[WhiteElo "2311"]
[BlackElo "2026"]
[PlyCount "110"]
[EventDate "2007.06.18"]
[EventType "tourn"]
[EventRounds "9"]
[EventCountry "NED"]
[Source "lmi"]
[SourceDate "2007.06.18"]

1. e4 e6 2. d4 d5 3. Nd2 Nf6 4. e5 Nfd7 5. Bd3 c5 6. c3 Nc6 7. Ne2 cxd4 8. cxd4
f6 9. exf6 Nxf6 10. O-O Bd6 11. Nf3 Qc7 12. Bg5 O-O 13. Rc1 Ng4 14. Ng3 Qb6 15.
Rc3 Qxb2 16. Bd2 e5 17. dxe5 Ncxe5 18. Nxe5 Bxe5 19. Rc2 Qb6 20. Qe2 Bd7 21. h3
Bxg3 22. hxg4 Rae8 23. Bxh7+ Kxh7 24. Qd3+ Qg6 25. Qxg6+ Kxg6 26. fxg3 Rxf1+
27. Kxf1 Bb5+ 28. Kf2 d4 29. Bf4 d3 30. Rb2 Bc6 31. Rd2 Be4 32. Ke3 Kf6 33. g5+
Kf7 34. g4 Re6 35. g3 Bf5+ 36. Kd4 Bg6 37. Be5 Ra6 38. Rf2+ Kg8 39. Bf4 Ra4+
40. Kc3 b5 41. Bd6 Rc4+ 42. Kd2 a5 43. Ke3 Re4+ 44. Kd2 b4 45. Bf4 a4 46. Be3
Rc4 47. Rf4 Rc2+ 48. Kd1 b3 49. axb3 axb3 50. Rb4 b2 51. Rb8+ Kh7 52. Rb6 Rh2
53. Bd2 Rh1+ 54. Be1 d2 55. Rxb2 dxe1=Q# 0-1

[Event "Holanda ch femenino 2007"]
[Site "Hilversum NED"]
[Date "2007.06.24"]
[Round "6.1"]
[White "Hamelink, Desiree"]
[Black "Schut, Donna"]
[Result "0-1"]
[WhiteElo "2220"]
[BlackElo "2026"]
[PlyCount "116"]
[EventDate "2007.06.18"]
[EventType "tourn"]
[EventRounds "9"]
[EventCountry "NED"]
[Source "lmi"]
[SourceDate "2007.06.18"]

1. Nf3 f5 2. c4 Nf6 3. Nc3 g6 4. d4 Bg7 5. e3 O-O 6. Bd3 d6 7. O-O Qe8 8. d5
Na6 9. Nd4 e5 10. dxe6 Bxe6 11. f3 Nc5 12. Be2 a5 13. b3 Rd8 14. a3 Bf7 15. b4
Ne6 16. Rb1 d5 17. c5 axb4 18. axb4 h6 19. Ncb5 Qe7 20. Re1 c6 21. Nd6 Ne8 22.
Nxf7 Rxf7 23. Bf1 N8c7 24. Bb2 Nxd4 25. Bxd4 Ne6 26. Qd2 Nxd4 27. exd4 Qh4 28.
f4 Re7 29. g3 Rxe1 30. Rxe1 Qf6 31. Rd1 Re8 32. Bg2 Qe6 33. Kf2 Qf6 34. Qa2 Kh7
35. h4 Qe7 36. Qd2 Bf6 37. Qd3 Bxh4 38. gxh4 Qxh4+ 39. Kf1 Qxf4+ 40. Qf3 Qh4
41. Qf2 Qg4 42. Ra1 f4 43. Bf3 Qh3+ 44. Qg2 Qf5 45. Qg4 Qf6 46. Ra7 Re7 47. Qc8
Qh4 48. Rxb7 Qe1+ 49. Kg2 Qg3+ 50. Kh1 Qxf3+ 51. Kg1 Qe3+ 52. Kh1 f3 53. Rxe7+
Qxe7 54. Qg4 Qe1+ 55. Kh2 Qe2+ 56. Kh3 h5 57. Qf4 Qg2+ 58. Kh4 g5+ 0-1

[Event "Holanda ch femenino 2007"]
[Site "Hilversum NED"]
[Date "2007.06.24"]
[Round "6.3"]
[White "Van Nies, Pauline"]
[Black "Otten, Colleen"]
[Result "1-0"]
[WhiteElo "2174"]
[BlackElo "2038"]
[PlyCount "55"]
[EventDate "2007.06.18"]
[EventType "tourn"]
[EventRounds "9"]
[EventCountry "NED"]
[Source "lmi"]
[SourceDate "2007.06.18"]

1. e4 c6 2. d4 d5 3. exd5 cxd5 4. c4 Nf6 5. Nc3 Nc6 6. cxd5 Nxd5 7. Nf3 e6 8.
Bd3 Be7 9. O-O O-O 10. a3 b6 11. Re1 Bb7 12. Bc2 Rc8 13. Qd3 g6 14. Bh6 Re8 15.
Rad1 Nxc3 16. bxc3 Bxa3 17. Ng5 Be7 18. Qe3 Bf6 19. Ne4 Nb4 20. Ba4 Nd5 21. Qf3
Bc6 22. Bb3 Bg7 23. Bxg7 Kxg7 24. Qg3 Rc7 25. c4 Qe7 26. Nd6 Nf6 27. d5 Ba8 28.
Nxe8+ 1-0

[Event "Holanda ch femenino 2007"]
[Site "Hilversum NED"]
[Date "2007.06.26"]
[Round "7.1"]
[White "Middelveld, Martine"]
[Black "Hamelink, Desiree"]
[Result "0-1"]
[WhiteElo "2019"]
[BlackElo "2220"]
[PlyCount "54"]
[EventDate "2007.06.18"]
[EventType "tourn"]
[EventRounds "9"]
[EventCountry "NED"]
[Source "lmi"]
[SourceDate "2007.06.18"]

1. d4 d5 2. Nf3 Nf6 3. g3 c6 4. Bg2 Bf5 5. O-O h6 6. b3 Nbd7 7. Ba3 b5 8. Ne5
Qb6 9. c4 b4 10. Bb2 e6 11. Nxd7 Nxd7 12. Nd2 Be7 13. e4 dxe4 14. Nxe4 O-O 15.
Kh1 Nf6 16. f3 Rfd8 17. Qe2 a5 18. Rad1 a4 19. Rd2 axb3 20. axb3 Ra5 21. Rfd1
Rda8 22. Nf2 Qa6 23. Nd3 Rc8 24. Ne5 Ne8 25. g4 Bh7 26. Nxf7 Kxf7 27. Re1 Nc7
0-1

[Event "Holanda ch femenino 2007"]
[Site "Hilversum NED"]
[Date "2007.06.26"]
[Round "7.2"]
[White "Peng, Zhaoqin"]
[Black "Van Weersel, Arlette"]
[Result "1/2-1/2"]
[WhiteElo "2439"]
[BlackElo "2156"]
[PlyCount "81"]
[EventDate "2007.06.18"]
[EventType "tourn"]
[EventRounds "9"]
[EventCountry "NED"]
[Source "lmi"]
[SourceDate "2007.06.18"]

1. d4 Nf6 2. c4 e6 3. Nf3 b6 4. g3 Bb7 5. Bg2 Be7 6. Nc3 Ne4 7. Bd2 O-O 8. d5
f5 9. Qc2 Nd6 10. b3 Bf6 11. Rd1 Qe7 12. O-O Na6 13. a3 c6 14. dxe6 dxe6 15.
Bc1 Rad8 16. Bb2 c5 17. Ne1 Nb8 18. Bxb7 Qxb7 19. Nd3 Nc6 20. e3 Nf7 21. f4 Nh6
22. Nf2 Na5 23. Rxd8 Rxd8 24. Rd1 Rxd1+ 25. Qxd1 Nf7 26. g4 g6 27. g5 Bg7 28.
Na4 Bxb2 29. Nxb2 Qc6 30. Nbd3 Qd6 31. Qc2 Nc6 32. Qc3 e5 33. h4 exf4 34. Nxf4
Nce5 35. Kg2 h6 36. gxh6 Nxh6 37. Nd5 Neg4 38. Nf4 Nxf2 39. Kxf2 Ng4+ 40. Ke2
Kh7 41. b4 1/2-1/2

[Event "Holanda ch femenino 2007"]
[Site "Hilversum NED"]
[Date "2007.06.26"]
[Round "7.3"]
[White "Otten, Colleen"]
[Black "Bensdorp, Marlies"]
[Result "0-1"]
[WhiteElo "2038"]
[BlackElo "2227"]
[PlyCount "66"]
[EventDate "2007.06.18"]
[EventType "tourn"]
[EventRounds "9"]
[EventCountry "NED"]
[Source "lmi"]
[SourceDate "2007.06.18"]

1. e4 e5 2. f4 exf4 3. Be2 Ne7 4. Nf3 Ng6 5. O-O Be7 6. d4 d5 7. exd5 Qxd5 8.
c4 Qd8 9. Nc3 O-O 10. Nd5 Bd6 11. c5 c6 12. Nc3 Be7 13. Bc4 Bg4 14. b4 b5 15.
Bb3 a5 16. a4 axb4 17. Na2 bxa4 18. Nxb4 Bf6 19. Bb2 Nh4 20. Rxa4 Rxa4 21. Bxa4
Bxf3 22. gxf3 Bxd4+ 23. Qxd4 Qg5+ 24. Kf2 Qg2+ 25. Ke1 Re8+ 26. Kd1 Qxf1+ 27.
Kc2 Qg2+ 28. Kb1 Nxf3 29. Qxf4 Nd2+ 30. Ka2 Qe2 31. Qg3 Qc4+ 32. Ka1 Qf1+ 33.
Ka2 Qb1+ 0-1